000
00256nam a2200097Ia 4500
008
231107s1991 xx 000 0 und d
041
_a
eng
100
_a
Murdock,L.J.
245
_a
Concreale Materials & Practice
260
_a
London
_b
Edward Arnold & Co.
_c
1991
999
_c
922291
_d
922291